00433nam a2200145Ia 4500008004100000020001500041041000800056082002300064100001600087245010100103260004700204300000800251365001100259650001700270140306s9999 xx 000 0 und d a8171002854 aeng a307.1412bKHA/RU.4 aKhanna, B S aRural development in South Asia . V. 4: Nepal and Bhutan : policies, programmes and organisation aNew DelhibDeep and Deep Publicationc1991 a187 bRs.200 aLand reforms